Fern finder : a guide to native ferns of central and northeastern United States and eastern Canada /
Saved in:
| Main Author: | |
|---|---|
| Other Authors: | |
| Format: | Book |
| Language: | English |
| Published: |
Rochester, N.Y. :
Nature Study Guild Publishers,
2001, c1981.
|
| Edition: | 2nd ed. |
| Subjects: | |
| Tags: |
Add Tag
No Tags, Be the first to tag this record!
|
| LEADER | 01132cam a2200325 a 4500 | ||
|---|---|---|---|
| 001 | 009852837-8 | ||
| 005 | 20060307052734.0 | ||
| 008 | 020807t20011981nyuab 001 0 eng | ||
| 010 | |a 2001090352 | ||
| 020 | |a 0912550244 | ||
| 020 | |a 9780912550244 | ||
| 035 | 0 | |a ocm50920576 | |
| 040 | |a DLC |c DLC | ||
| 042 | |a pcc | ||
| 043 | |a n-us--- |a n-cn--- | ||
| 050 | 0 | 0 | |a QK525 |b .H325 2001 |
| 082 | 0 | 0 | |a 587/.3/097 |2 21 |
| 100 | 1 | |a Hallowell, Anne C. | |
| 245 | 1 | 0 | |a Fern finder : |b a guide to native ferns of central and northeastern United States and eastern Canada / |c by Anne C. Hallowell and Barbara G. Hallowell ; illustrations by Anne C. Hallowell. |
| 250 | |a 2nd ed. | ||
| 260 | |a Rochester, N.Y. : |b Nature Study Guild Publishers, |c 2001, c1981. | ||
| 300 | |a 59, [2] p. : |b ill., maps ; |c 10 x 15 cm. | ||
| 500 | |a Includes index. | ||
| 650 | 0 | |a Ferns |z Canada, Eastern |x Identification. | |
| 650 | 0 | |a Ferns |z United States |x Identification. | |
| 650 | 0 | |a Ferns |z United States |v Pictorial works. | |
| 650 | 0 | |a Ferns |z Canada, Eastern |v Pictorial works. | |
| 700 | 1 | |a Hallowell, Barbara G., |d 1924- | |
| 988 | |a 20060123 | ||
| 906 | |0 DLC | ||


